1200 1428 1344 1924 1739 1766 1512 1523 1205 1226 1289 1207 1269 1705 1865 1415 1478 1964 1484 1023 1435 1550 1536 1352 1508 1390 1576 1627 1993 1967 1149 1923 1224 1450 1772 1932 1262 1153 1553 1540 1084 1859 1527 1505 1817 1376 1853 1594 1184 1785 1518 1163 1198 1578 1823 1813 1048 1567 1156 1095 1544 1939 1771 1474 1577 1911 1976 1874 1390 1925 1571 1119 1409 1195 1760 1538 1763 1701 1009 1487 1433 1680 1471 1583 1005 1073 1245 1196 1880 1218 1682 1943 1233 1978 1818 1829 1862 1661 1062 BCNSPRNW ULIB Ver.6.0+V

เปลี่ยนเป็นภาษาไทย

Change to English
 แสดงรายละเอียดบรรณานุกรม
  กลับหน้าหลัก

Brief Record : Get Marc (ISO 2709) : E-mail record : QR code < ปิดหน้าต่าง
LEADER : 00000nam 2200000uu 4500
001    13399111940
003     ULIB
008    110712s2544||||th 000 0 tha d
020    9748212971
050  4 DS589.N31^bก278น 2544
100 0  กฤษกร วงศ์กรวุฒิ
245 10 นครนายก/^cกฤษกร วงศ์กรวุฒิ
260    กรุงเทพฯ :^bสารคดี,^c[2544]
300    191 หน้า :^bภาพประกอบ, แผนที่ :^c21 ซม.
490 0  "นายรอบรู้" นักเดินทาง
651  7 ไทย (ภาคกลาง)^xความเป็นอยู่และประเพณี
651  7 ไทย (ภาคกลาง)^xภูมิประเทศและการท่องเที่ยว
651  7 นครนายก^xความเป็นอยู่และประเพณี
651  7 นครนายก^xภูมิประเทศและการท่องเที่ยว
651  7 นครนายก^xโบราณสถาน
945    ^p95^l0^i015887
995    ทศพร
999 ^a ใช้งานได้ทุกระบบ
รายการนี้ยังไม่มีแท็ก
คุณยังไม่ได้ล็อกอิน คุณสามารถมีกิจกรรมร่วมกับเว็บไซต์ได้ แต่ต้องล็อกอินก่อน ::
  ล็อกอิน

รายการสื่อสารสนเทศ

ลำดับที่ ประเภท เลขเรียก/บาร์โค้ด สถานที่ สถานะ
- ไม่พบข้อมูล -

รายการใกล้เคียง
    ผู้แต่ง [กฤษกร วงศ์กรวุฒิ]

BibComment


ยังไม่เคยถูกคอมเมนท์

คอมเมนท์ทรัพยากรรายการนี้
  คอมเมนท์: นครนายก กฤษกร วงศ..


 Copyright 2026. Bcnsprnw @Library